Normal view
MARC view
- Supervisor by Dr Muhammad Younus Javed
Entry Personal Name
001 - CONTROL NUMBER
- control field: 69976
003 - CONTROL NUMBER IDENTIFIER
- control field: NUST
005 - DATE AND TIME OF LATEST TRANSACTION
- control field: 20210628204337.0
008 - FIXED-LENGTH DATA ELEMENTS
- fixed length control field: 210628|| aca||aabn | a|a d
040 ## - CATALOGING SOURCE
- Original cataloging agency: NUST
- Transcribing agency: NUST
100 ## - HEADING--PERSONAL NAME
- Personal name: Supervisor by Dr Muhammad Younus Javed
670 ## - SOURCE DATA FOUND
- Source citation: Work cat.: (NUST): Sheeraz Akram 69974, TH-SOF-1368-INTELLIGENT DETECTION AND CLASSIFICATION METHODOLOGY FOR MULTIDIMENSIONAL LUNG TUMOR CELLS, 2017
